000 00528nam a2200193Ia 4500
005 20260429111942.0
008 260429s9999||||xx |||||||||||||| ||und||
020 _a9788196920036
041 _aEnglish
082 _a333.79
_bFIS
100 _aFisher, Hunter
245 0 _aEnergy, environment and sustainability fundamentals /
_cHunter Fisher
260 _aNew Delhi :
_bAsia Publishers,
_c2024.
300 _ax, 244 p.; hb
650 _a Energy conservation
650 _a Environment
650 _aEnergy
942 _cTB
999 _c51592
_d51592